<?xml version="1.0" encoding="UTF-8"?>
<collection xmlns="http://www.loc.gov/MARC21/slim">
  <record>
    <leader>00000nam  2200000   4500</leader>
    <controlfield tag="001">INLIS000000000017187</controlfield>
    <controlfield tag="005">20240619015842</controlfield>
    <datafield tag="035" ind1="#" ind2="#">
      <subfield code="a">0010-0624000090</subfield>
    </datafield>
    <controlfield tag="007">ta</controlfield>
    <controlfield tag="008">240619################|##########|#|##</controlfield>
    <datafield tag="084" ind1="#" ind2="#">
      <subfield code="a">R  046 PIM I 2023</subfield>
    </datafield>
    <datafield tag="100" ind1=" " ind2="#">
      <subfield code="a">A. Koswara</subfield>
    </datafield>
    <datafield tag="245" ind1="1" ind2="#">
      <subfield code="a">Strategi Peningkatan Modal Share Public Transport Melalui Integrasi Kebijakan Kolaborasi Pembiayaan dan Pengelolaan Pendapatan Layanan Transportasi Terpadu /</subfield>
      <subfield code="c">A. Koswara</subfield>
    </datafield>
    <datafield tag="260" ind1="#" ind2="#">
      <subfield code="a">Jakarta :</subfield>
      <subfield code="b">Pusbangkom Pimnas dan Manajerial ASN,</subfield>
      <subfield code="c">2023</subfield>
    </datafield>
    <datafield tag="300" ind1="#" ind2="#">
      <subfield code="a">150 halaman ;</subfield>
      <subfield code="c">30 cm</subfield>
    </datafield>
    <datafield tag="650" ind1="#" ind2="4">
      <subfield code="a">Integrasi Kebijakan</subfield>
    </datafield>
    <datafield tag="650" ind1="#" ind2="4">
      <subfield code="a">Kolaborasi</subfield>
    </datafield>
    <datafield tag="520" ind1="#" ind2="#">
      <subfield code="a">Strategi peningkatan penggunaan angkutan umum perkotaan dilakukan melalui 2 kebijakan yaitu : 1) bagaimana membuat angkutan massal ini diminati oleh masyarakat dan menjadi mode pilihan dalam melakukan pergerakan, 2) bagaimana menjaga keberlanjutan penyelenggaraan layanan angkutan massal supaya tetap tersedia dan terus berkembang menjadi solusi dalam memenuhi kebutuhan transportasi pendudukan perkotaan yang ters bertambah.</subfield>
    </datafield>
    <datafield tag="600" ind1="#" ind2="4">
      <subfield code="a">Layanan Transportasi Terpadu</subfield>
    </datafield>
    <datafield tag="856" ind1="#" ind2="#">
      <subfield code="a">Perpustakaan LAN Pusat</subfield>
    </datafield>
    <datafield tag="990" ind1="#" ind2="#">
      <subfield code="a">24.06.046</subfield>
    </datafield>
  </record>
</collection>
